000 00837cam a2200229 4500
001 ABS62678
008 000000n2000 000 0 eng u
035 _a(Sirsi) u107890
100 _aWhite, N.
245 _aWho'll pay for this?
260 _c2000
490 _aBuilding
_v265(8148) 4 August 2000, 65(1)
520 _aThis article on collateral warranties explains how net contribution clauses work and provisions for professional indemnity insurance. See also Abs61868 and Building 26 May 2000 p54.
590 _aABS
650 _aBUILT ENVIRONMENT-BUILDING CONTRACT FORMS-CONSTRUCTION COLLATERAL WARRANTY FORMS
650 _aPROFESSIONAL INDEMNITY INSURANCE
650 _aNET CONTRIBUTION CLAUSES
650 _aLIABILITY
650 _aNEGOTIATION
690 _aBUILT ENVIRONMENT-BUILDING CONTRACT FORMS
942 _n0
999 _c64443
_d64443